Logistický a marketingový informačný systém diplomová práca

Enregistré dans:
Détails bibliographiques
Auteur principal: Venglárová, Lenka
Collectivité auteur: Podnikovohospodárska fakulta EU so sídlom v Košiciach. Katedra obchodného podnikania
Autres auteurs: Daneshjo, Naqibullah, 1964-
Format: Livre
Langue:slovaque
Publié: Košice 2017
Tags: Ajouter un tag
Pas de tags, Soyez le premier à ajouter un tag!

MARC

LEADER 00000nbm a2200000 4500
001 0231557
005 20171121133608.7
041 0 |a slo 
044 |a SK 
245 1 0 |a Logistický a marketingový informačný systém  |b diplomová práca  |c Lenka Venglárová ; školiteľ: Naqibullah Daneshjo 
264 1 |a Košice  |c 2017 
300 |a 61 s. 
100 1 |a Venglárová, Lenka 
700 1 |a Daneshjo, Naqibullah, 1964- 
710 2 |a Podnikovohospodárska fakulta EU so sídlom v Košiciach. Katedra obchodného podnikania